High Infidelity - Taylor Swift (All Lyrics) - Statistics

General Stats
  • This quiz has been taken 136 times
  • The average score is 323 of 374
Answer Stats
Lyrics % Correct
High
99%
I
99%
you
99%
You
99%
Do
98%
in
98%
infidelity
98%
know
98%
the
98%
The
98%
to
98%
was
98%
where
98%
really
96%
wanna
96%
April
95%
have
95%
eyes?
94%
love
94%
me
94%
on
94%
your
94%
Your
94%
29th?
93%
and
93%
And
93%
around,
93%
around
93%
dancing
93%
is
93%
my
93%
his
91%
one
91%
that
91%
way
91%
can
90%
it
90%
never
90%
were
90%
enough
89%
enough,
89%
Put
89%
kill
88%
many
88%
regret
88%
there's
88%
too
88%
ways
88%
constellations
87%
didn't
87%
he
87%
loving
87%
them
87%
count
85%
records
85%
different
84%
far
84%
keeping
84%
Oh,
83%
oh,
83%
tonight
83%
back
82%
bent
82%
city
82%
tell
82%
life?
80%
truth
80%
as
79%
burn
79%
how
79%
brought
78%
slowest
78%
it's
76%
said
76%
sharp
76%
meeting
74%
knives
73%
broken,
72%
spoken
72%
But,
71%
chart
71%
fence
71%
good
71%
headphones
71%
slur
70%
down
68%
picket
68%
At
67%
at
67%
freeloading
66%
time
66%
husband
65%
right
65%
just
63%
Lock
63%
game
61%
Bad
60%
I'd
60%
if
60%
like
60%
money
60%
open,
60%
feet
59%
token
59%
aisle
57%
house
57%
thing
57%
token
57%
Dragged
55%
omen
54%
Wound
54%
Seemed
52%
you'd
52%
pay
49%
blind
48%
hoping
46%
coming,
44%
lonely,
44%
soaking,
41%
Storm
41%
Rain
40%
No matching quizzes found
Score Distribution
Percent of People with Each Score
Percentile by Number Answered
Your Score History
You have not taken this quiz